Correspondencias literarias entre Juan Rulfo y Salarrué. La resonancia de Cuentos de barro en el LLano en llamas /
Sparad:
| Huvudupphovsman: | |
|---|---|
| Materialtyp: | Bok |
| Språk: | Spanish |
| Publicerad: |
San Salvador, El Salvador :
Ministerio de Educación. Viceministerio de Ciencia y Tecnología. Dirección Nacional de Investigación en Ciencia, Tecnología e Innovación,
2013.
|
| Serie: | Cuadernos de ciencias sociales y humanidades ;
3 |
| Ämnen: | |
| Taggar: |
Lägg till en tagg
Inga taggar, Lägg till första taggen!
|
MARC
| LEADER | 00000nam a22000007a 4500 | ||
|---|---|---|---|
| 008 | 140917s2013 caaa|r|||| 000 0 spa d | ||
| 040 | |a CIICLA | ||
| 082 | |a ES863.4D |b S-161s | ||
| 100 | 1 | |a Salamanca, Elena, |d 1982- | |
| 245 | 1 | 0 | |a Correspondencias literarias entre Juan Rulfo y Salarrué. La resonancia de Cuentos de barro en el LLano en llamas / |c Elena Salamanca |
| 260 | |a San Salvador, El Salvador : |b Ministerio de Educación. Viceministerio de Ciencia y Tecnología. Dirección Nacional de Investigación en Ciencia, Tecnología e Innovación, |c 2013. | ||
| 300 | |a 78 páginas : |b ilustraciones | ||
| 490 | 1 | |a Cuadernos de ciencias sociales y humanidades ; |v 3 | |
| 505 | |t La lectura de Cuentos de barro de Juan Rulfo | ||
| 505 | |t Salarrué y Rulfo frente al costumbrismo: la herida en el paisaje. Rulfo y Claribel Alegría -- Las influencias de Rulfo -- La influencia de la lectura de Cuentos de barro en la escritura de El llano en llamas. | ||
| 505 | |t Análisis comparado de El llano en llamas y Cuentos de barro -- La converesión del habla popular en lenguaje literario -- El indio - campesino reconocido -- Plasticidad del lenguaje -- Presencia de la naturaleza animada -- La poetización de la violencia. | ||
| 600 | 1 | 4 | |a Salarrue, |c seudónimo, |d 1899-1975. |t Cuentos de barro |
| 600 | 1 | 4 | |a Rulfo, Juan, |d 1917-1986. |t El llano en llamas |
| 650 | 1 | 4 | |a LITERATURA COMPARADA |
| 942 | |2 ddc |c BK | ||
| 999 | |c 3473 |d 3473 | ||
